Statistics for Playboi Carti WLR lyrics

Click here to take the quiz!

General Stats

  • This quiz has been taken 322 times
  • The average score is 18 of 24

Answer Stats

HintAnswer% Correct
I just hit a lick with a mask, MF DoomStop Breathing
92%
It's the first of the month (slatt, slatt, slatt, slatt)
I brush my teeth and count up
Sky
89%
I'm on the X, I'm on the CodeineTeen X
87%
I fuck that bitch in the back seat
I fuck that bitch in a wagon (what?)
Rockstar Made
85%
D-R-A-C-O, yeahOn That Time
83%
got me some thots (thots, thots)
They thought I was gay (slatt, woah, woah)
New Tank
82%
Uh, I'm thinkin' 'bout dyin' my hair red just to look like a pint of redILoveUIHateU
79%
I promise Playboi we get the tape out 'fore the weekend
It's over, too famous to sneak in
Go2DaMoon
78%
My flag the same color as cranberry (cranberry)Vamp Anthem
77%
Should've known this shit was not real when it started
Yeah, everybody fake, this shit retarded
Over
75%
And she rockin' all neon (slatt, slatt)
And she wearin' all neon (slatt)
New N3on
74%
When I go to sleep, I dream 'bout murderNo Sl33p
74%
Bitch, I'm not a stalker (oh, slatt)
But baby, I always watch you (what? Ooh)
Control
73%
My shawty just said that she bi (yeah)Beno!
69%
The drugs kickin' in real fast (what?)
If I die, it's gon' be real sad (what?)
Die4Guy
68%
You can get shot in your head, young n*gga, yeah, fuck your facePlace
67%
And I feel like dyin' if you not mineF33l Lik3 Dyin
65%
I'm rocking on Givenchy, yeah, for free (Givenchy)Meh
64%
She suckin' my dick, I was on the PlayStation (woo, woo)Slay3r
64%
Out of here, outer space
Pussy all on my face
Not PLaying
63%
I told my brother yesterday, uh (uh)
I had every chance to sign all the young n*ggas
Punk Monk
63%
They can't understand me, I'm talkin' hieroglyphics (yeah)M3tamorphosis
62%
I'm so close to the fire, I got a nosebleedKing Vamp
61%
SRT, with no mileage
SRT, it's not silent (yeah)
JumpOutTheHouse
60%

Score Distribution

Percentile by Number Answered

Percent of People with Each Score

Your Score History

You have not taken this quiz